<?xml version="1.0" encoding="UTF-8"?>
<record
    xmlns:xsi="http://www.w3.org/2001/XMLSchema-instance"
    xsi:schemaLocation="http://www.loc.gov/MARC21/slim http://www.loc.gov/standards/marcxml/schema/MARC21slim.xsd"
    xmlns="http://www.loc.gov/MARC21/slim">

  <leader>00768nab a2200229 uc4500</leader>
  <controlfield tag="001">282538</controlfield>
  <controlfield tag="005">20240626090354.0</controlfield>
  <controlfield tag="008">980812e19960401                    spa  </controlfield>
  <datafield tag="035" ind1=" " ind2=" ">
    <subfield code="a">282538</subfield>
  </datafield>
  <datafield tag="035" ind1=" " ind2=" ">
    <subfield code="a">(OCoLC)819765710</subfield>
  </datafield>
  <datafield tag="040" ind1=" " ind2=" ">
    <subfield code="c">comduadb</subfield>
  </datafield>
  <datafield tag="041" ind1=" " ind2=" ">
    <subfield code="a">spa</subfield>
  </datafield>
  <datafield tag="100" ind1="1" ind2="0">
    <subfield code="a">Tonini, G.</subfield>
    <subfield code="4">aut</subfield>
    <subfield code="e">aut</subfield>
    <subfield code="9">285609</subfield>
  </datafield>
  <datafield tag="245" ind1="1" ind2="4">
    <subfield code="a">Las innovaciones en la oferta mercantil de productos hortofruticolas de la IV gama</subfield>
  </datafield>
  <datafield tag="650" ind1=" " ind2="7">
    <subfield code="a">Conservaci&#xF3;n de alimentos</subfield>
    <subfield code="2">lemb</subfield>
    <subfield code="9">39723</subfield>
  </datafield>
  <datafield tag="650" ind1=" " ind2="7">
    <subfield code="a">Alimentos congelados</subfield>
    <subfield code="2">embne</subfield>
    <subfield code="9">20993</subfield>
  </datafield>
  <datafield tag="650" ind1=" " ind2=" ">
    <subfield code="a">Contaminacion microbiana</subfield>
    <subfield code="9">53097</subfield>
  </datafield>
  <datafield tag="650" ind1=" " ind2=" ">
    <subfield code="a">Europa</subfield>
    <subfield code="9">5352</subfield>
  </datafield>
  <datafield tag="700" ind1="1" ind2="0">
    <subfield code="a">Pratella, G. C.</subfield>
    <subfield code="4">aut</subfield>
    <subfield code="e">aut</subfield>
    <subfield code="9">285608</subfield>
  </datafield>
  <datafield tag="773" ind1="0" ind2=" ">
    <subfield code="t">Frio, Calor, Aire Acondicionado (Madrid)</subfield>
    <subfield code="g">No. 270, Abr. 1996, p. 3-18</subfield>
    <subfield code="w">95781</subfield>
    <subfield code="x">0210-0665</subfield>
    <subfield code="0">92498</subfield>
  </datafield>
  <datafield tag="942" ind1=" " ind2=" ">
    <subfield code="c">ARIMP</subfield>
  </datafield>
  <datafield tag="999" ind1=" " ind2=" ">
    <subfield code="c">96512</subfield>
    <subfield code="d">96512</subfield>
  </datafield>
</record>
